000 00300nam a2200109Ia 4500
999 _c9773
_d9773
008 220112s9999||||xx |||||||||||||| ||und||
020 _a9789352697243
100 _aSharma, Manoj
245 0 _aArchitecture and Tourism: Perceptions, Performance and Place
260 _bRandom Publications
942 _2ddc